| 000 | 00697nam a2200265 a 4500 | ||
|---|---|---|---|
| 999 |
_c7238 _d7238 |
||
| 001 | 7238 | ||
| 003 | BD-JhCC | ||
| 005 | 20180421131545.0 | ||
| 008 | 180206s1967 enk 000 1 eng d | ||
| 035 | _a(BD-JhCC)7238 | ||
| 035 | _a2079807 | ||
| 040 |
_aBD-JhCC _cLC _dBD-JhCC |
||
| 041 | _aeng | ||
| 050 | 0 | 0 |
_aPZ4.K818 _bWo |
| 082 |
_a823.91 _bKON 1967 |
||
| 100 | 1 |
_aKonadu, Asare, _d1932- |
|
| 245 | 1 | 2 |
_aA woman in her prime / _c[by] S. A. Konadu. |
| 260 |
_aLondon, _bHeinemann, _c1967. |
||
| 300 |
_a[5], 108 p. _c19 cm. |
||
| 490 | 1 |
_aAfrican writers series ; _v40 |
|
| 650 | _aGhanaiam Fiction | ||
| 830 | 0 |
_aAfrican writers series ; _v40. |
|
| 942 |
_2ddc _cBK |
||